<?xml version="1.0" encoding="UTF-8"?>
<collection xmlns:xsi="http://www.w3.org/2001/XMLSchema-instance" xsi:schemaLocation="http://www.loc.gov/MARC21/slim http://www.loc.gov/standards/marcxml/schema/MARC21slim.xsd" xmlns="http://www.loc.gov/MARC21/slim">
 <record>
  <leader>00000nam a22000004a 4500</leader>
  <controlfield tag="001">UP-1686186336731531343</controlfield>
  <controlfield tag="003">Buklod</controlfield>
  <controlfield tag="005">20240710104817.0</controlfield>
  <controlfield tag="006">m    |o  d |      </controlfield>
  <controlfield tag="007">ta</controlfield>
  <controlfield tag="008">240709s1966    ja a    r     000 0 eng d</controlfield>
  <datafield tag="020" ind1=" " ind2=" ">
   <subfield code="a">9780870117886</subfield>
  </datafield>
  <datafield tag="037" ind1=" " ind2=" ">
   <subfield code="a">CHK-1026g</subfield>
   <subfield code="b">Donated by Japan Foundation</subfield>
  </datafield>
  <datafield tag="040" ind1=" " ind2=" ">
   <subfield code="a">DCHK</subfield>
   <subfield code="d">DCHK</subfield>
   <subfield code="e">rda</subfield>
  </datafield>
  <datafield tag="041" ind1=" " ind2=" ">
   <subfield code="a">eng</subfield>
  </datafield>
  <datafield tag="090" ind1=" " ind2=" ">
   <subfield code="a">GV 476 </subfield>
   <subfield code="b">N33 1966</subfield>
  </datafield>
  <datafield tag="100" ind1="1" ind2=" ">
   <subfield code="a">Nakayama, Masatoshi </subfield>
   <subfield code="e">author</subfield>
  </datafield>
  <datafield tag="245" ind1="0" ind2="0">
   <subfield code="a">Dynamic karate</subfield>
   <subfield code="b">instruction by the master</subfield>
   <subfield code="c">Masatoshi Nakayama ; translated by Herman Kauz.</subfield>
  </datafield>
  <datafield tag="264" ind1=" " ind2="0">
   <subfield code="a">Tokyo</subfield>
   <subfield code="b">Kodansha International</subfield>
   <subfield code="c">1966</subfield>
  </datafield>
  <datafield tag="300" ind1=" " ind2=" ">
   <subfield code="a">308 pages</subfield>
   <subfield code="b">illustrations</subfield>
   <subfield code="c">26 cm</subfield>
  </datafield>
  <datafield tag="336" ind1=" " ind2=" ">
   <subfield code="a">text</subfield>
   <subfield code="2">rdacontent</subfield>
  </datafield>
  <datafield tag="337" ind1=" " ind2=" ">
   <subfield code="a">unmediated</subfield>
   <subfield code="2">rdamedia</subfield>
  </datafield>
  <datafield tag="338" ind1=" " ind2=" ">
   <subfield code="a">volume</subfield>
   <subfield code="2">rdacarrier</subfield>
  </datafield>
  <datafield tag="505" ind1="0" ind2="0">
   <subfield code="a">Chapter 1: Stance and posture -- Chapter 2: Applying the power in the hips -- Chapter 3: Balance and center of gravity -- Chapter 4: Hands and feet can be weapons -- Chapter 5: Tsuki (punching)/theory and practice -- Chapter 6: Uchi (striking)/theory and practice -- Chapter 7: keri (kicking)/theory and practice -- Chapter 8: Uke (blocking)/theory and practice -- Chapter 9: Defense and countering jodan -- Chapter 10: Defense and countering Chudan -- Chapter 11: Defense and countering gedan -- Chapter 12: Basic training -- Chapter 13: Calisthenics and exercises</subfield>
  </datafield>
  <datafield tag="520" ind1=" " ind2=" ">
   <subfield code="a">most books on karate usually do not provide complete, detailed instructions and illustrations-the fundamentals plus the fine point-that readers hope for. This book fills the gaps left by others. The late Master Masatoshi Nakayama, chief instructor of the Japan karate Association, left this book as a statement. It reveals his great experience as a karate competitor and teacher, describing and illustrating in detail all the correct movements involved in the particular block, punch, or kick you want to perfect, as well as instruction on combining blocking techniques with decisive counterattack. Also included is a glossary of all Japanese karate terms and a guide to their pronunciation. Because of the lightning speed of karate techniques, normal camera work often fails to record the action accurately. For this reason, many of the photo sequences found in Dynamic Karate were taken using a stroboscope with a flash time  of 1/10,000 of a second, enabling you to follow  each movement as it is actually performed</subfield>
  </datafield>
  <datafield tag="650" ind1=" " ind2="0">
   <subfield code="a">Karate.</subfield>
  </datafield>
  <datafield tag="700" ind1="1" ind2=" ">
   <subfield code="a">Kauz, Herman</subfield>
   <subfield code="e">translator.</subfield>
  </datafield>
  <datafield tag="905" ind1=" " ind2=" ">
   <subfield code="a">FO</subfield>
  </datafield>
  <datafield tag="852" ind1="0" ind2=" ">
   <subfield code="a">UPD</subfield>
   <subfield code="b">DCHK</subfield>
   <subfield code="h">GV 476</subfield>
   <subfield code="i">N33 1966</subfield>
  </datafield>
  <datafield tag="942" ind1=" " ind2=" ">
   <subfield code="a">Book</subfield>
  </datafield>
 </record>
</collection>
